50 Years of TV Cops Quiz Stats

 Plays Quiz Updated Jul 21, 2014

Support Sporcle.
Go Orange.
Score 0/20 Timer 05:00
0 Plays Today
Character TV Show % Correct
Monk
87.3%
Miami Vice
85.4%
Walker, Texas Ranger
84.5%
CHiPs
81.5%
The Andy Griffith Show
79%
NYPD Blue
77.1%
Kojak
76.6%
Cagney & Lacey
76.4%
Law & Order SVU
72.3%
Everybody Loves Raymond
70.8%
Character TV Show % Correct
Night Court
69.6%
Hawaii Five-O
68.1%
Dragnet
61.4%
Family Matters
59.6%
Barney Miller
55.9%
Reno 911
55%
In the Heat of the Night
51.5%
Brooklyn Nine-Nine
49.9%
The Dukes of Hazzard
46.3%
The Wire
23.3%

You're not logged in!

Compare scores with friends on all Sporcle quizzes.
OR
Log In

From the Vault

Letter Sandwich

by MSUKent

This quiz would go well with a bowl of alphabet soup.
Remove Ads.
Support Sporcle.
Get the best of Sporcle when you Go Orange. This ad-free experience offers more features, more stats, and more fun while also helping to support Sporcle. Thank you for becoming a member.

Show Comments

Extras

Top Quizzes Today


Score Distribution

Your Account Isn't Verified!

In order to create a playlist on Sporcle, you need to verify the email address you used during registration. Go to your Sporcle Settings to finish the process.

Report this User

Report this user for behavior that violates our Community Guidelines.

Details: